[Event "DEM U14w 2004"]
[Site "Willingen GER"]
[Date "2004.06.02"]
[Round "6"]
[White "Weber, Kristina"]
[Black "Karmann, Anna"]
[Result "1-0"]
[Termination "normal"]
[Board "8"]
[WhiteElo "1482"]
[BlackElo "1457"]
[PlyCount "129"]
[BlackFideId "24648000"]
[EventCountry "GER"]
[EventRounds "9"]
[EventType "swiss"]
[EventDate "2004.05.29"]

1. d4 d5 2. c4 e6 3. Nc3 Nf6 4. cxd5 exd5 5. Bg5 Nbd7 6. e3 Be7 7. Bd3 O-O 8.
Qc2 c6 9. Nge2 Re8 10. O-O Nf8 11. Rab1 Ng6 12. b4 Bd7 13. b5 Rc8 14. bxc6 Bxc6
15. Bb5 Bxb5 16. Rxb5 Ne4 17. Bxe7 Rxe7 18. Qb2 Nxc3 19. Nxc3 Rd7 20. Rc1 Rcc7
21. Kf1 b6 22. a4 Rc6 23. Rb1 Ne7 24. Ke2 Qc7 25. Kd3 Qxh2 26. g3 Qh6 27. a5
Qg6+ 28. Kd2 Rdd6 29. axb6 Rxb6 30. Na4 Rxb5 31. Qxb5 h6 32. Qe8+ Kh7 33. Rb8
Qf6 34. f4 Nf5 35. g4 Ng3 36. f5 Nxf5 37. gxf5 Qxf5 38. Rb7 Qf2+ 39. Kd3 Qf1+
40. Kc2 Qf2+ 41. Kb3 Re6 42. Qxf7 Qxe3+ 43. Nc3 Rg6 44. Qxd5 Rg1 45. Qf5+ Rg6
46. d5 Qc5 47. Ne4 Qe3+ 48. Kc4 Qe2+ 49. Kc3 Qe3+ 50. Kc2 Qe2+ 51. Nd2 Qa6 52.
Rb3 Qa2+ 53. Kd3 Qa6+ 54. Ke3 Qa5 55. Qd3 Qc5+ 56. Ke2 Qe7+ 57. Kd1 Qd7 58. Nc4
Qg4+ 59. Kc2 Qg2+ 60. Kc3 Qg5 61. d6 Qf6+ 62. Kb4 Kh8 63. d7 a5+ 64. Ka4 Qc6+
65. Rb5 1-0

[Event "DEM U14w 2004"]
[Site "Willingen GER"]
[Date "2004.06.02"]
[Round "6"]
[White "Weiß, Katharina"]
[Black "Benzen, Marthe"]
[Result "0-1"]
[Termination "normal"]
[Board "9"]
[WhiteElo "1567"]
[BlackElo "1477"]
[PlyCount "102"]
[WhiteFideId "24692859"]
[BlackFideId "24647764"]
[EventCountry "GER"]
[EventRounds "9"]
[EventType "swiss"]
[EventDate "2004.05.29"]

1. e4 Nc6 2. Nf3 e5 3. Nc3 Nf6 4. d4 exd4 5. Nxd4 Bb4 6. Nxc6 bxc6 7. Bd3 O-O
8. O-O d5 9. exd5 cxd5 10. Bg5 c6 11. Ne2 Bd6 12. h3 c5 13. c3 Rb8 14. Rb1 Be6
15. Bc2 Bc7 16. Qd3 c4 17. Qd4 Bb6 18. Qh4 h6 19. Bxf6 Qxf6 20. Qxf6 gxf6 21.
Rfd1 Kh8 22. Nf4 Rg8 23. Kf1 Rg5 24. Rd2 Bc7 25. Nxe6 fxe6 26. Re2 Re5 27. Rd2
Ba5 28. Rd4 Kg7 29. Rg4+ Rg5 30. Rxg5+ hxg5 31. Ke2 f5 32. Kd1 Kf6 33. Kc1 Ke5
34. Bd1 Bb6 35. f3 Kf4 36. Be2 Ke3 37. Bf1 Kf2 38. Kc2 Rh8 39. Rd1 Rh4 40. b3
cxb3+ 41. axb3 g4 42. fxg4 fxg4 43. Kd3 gxh3 44. gxh3 Re4 45. Ra1 Re3+ 46. Kc2
e5 47. Rd1 d4 48. cxd4 Bxd4 49. b4 Rc3+ 50. Kd2 Rc7 51. b5 e4 0-1

[Event "DEM U14w 2004"]
[Site "Willingen GER"]
[Date "2004.06.02"]
[Round "6"]
[White "Mai, Felicitas"]
[Black "Nekrassova, Ekatherina"]
[Result "0-1"]
[Termination "normal"]
[Board "10"]
[WhiteElo "1209"]
[BlackElo "1528"]
[PlyCount "66"]
[WhiteFideId "4635345"]
[EventCountry "GER"]
[EventRounds "9"]
[EventType "swiss"]
[EventDate "2004.05.29"]

1. e4 c5 2. Nf3 e6 3. Nc3 Nc6 4. Bb5 a6 5. Bxc6 bxc6 6. O-O Ne7 7. d3 d5 8. Bf4
Ng6 9. Bg3 Be7 10. Re1 O-O 11. Ne2 Bf6 12. c3 e5 13. h3 Re8 14. Bh2 Rb8 15. Rb1
Nh4 16. Ng3 Qd6 17. d4 Nxf3+ 18. Qxf3 exd4 19. Nf5 Qd8 20. Bxb8 Bxf5 21. exf5
Qxb8 22. Rxe8+ Qxe8 23. Kf1 Kf8 24. Qh5 h6 25. g4 Qe5 26. Kg1 Qe2 27. cxd4 cxd4
28. Rc1 d3 29. Rxc6 d2 30. Rc8+ Ke7 31. Rc7+ Kd6 32. Rd7+ Kxd7 33. Qxf7+ Kc6
0-1

[Event "DEM U14w 2004"]
[Site "Willingen GER"]
[Date "2004.06.02"]
[Round "6"]
[White "Dittrich, Jacqueline"]
[Black "Stellwagen, Katja"]
[Result "1/2-1/2"]
[Termination "normal"]
[Board "11"]
[WhiteElo "1518"]
[BlackElo "1433"]
[PlyCount "51"]
[WhiteFideId "24666270"]
[EventCountry "GER"]
[EventRounds "9"]
[EventType "swiss"]
[EventDate "2004.05.29"]

1. Nc3 c5 2. Nf3 Nc6 3. e4 g6 4. Bb5 Bg7 5. O-O d6 6. Re1 Bd7 7. Bf1 Nf6 8. h3
O-O 9. Nh2 Nd4 10. Ne2 Nxe2+ 11. Qxe2 b5 12. f4 a6 13. g4 e6 14. Bg2 Rb8 15. d3
Qc8 16. Rb1 Bc6 17. Be3 Nd7 18. Qf2 Ba8 19. Re2 d5 20. exd5 Bxd5 21. Bxd5 exd5
22. d4 c4 23. c3 f5 24. Qg2 Nb6 25. g5 Qb7 26. Rbe1 1/2-1/2

[Event "DEM U14w 2004"]
[Site "Willingen GER"]
[Date "2004.06.02"]
[Round "6"]
[White "van Orsouw, Svenja"]
[Black "Gahn, Cornelia"]
[Result "1/2-1/2"]
[Termination "normal"]
[Board "12"]
[WhiteElo "1484"]
[BlackElo "1457"]
[PlyCount "63"]
[WhiteFideId "24677124"]
[EventCountry "GER"]
[EventRounds "9"]
[EventType "swiss"]
[EventDate "2004.05.29"]

1. e4 d5 2. exd5 Qxd5 3. Nc3 Qa5 4. d4 c6 5. Bc4 Nf6 6. Bd2 Bf5 7. Bb3 e6 8.
Qe2 Bb4 9. a3 Nbd7 10. Rd1 Bxc3 11. Bxc3 Qc7 12. Nf3 O-O-O 13. h3 h5 14. Ne5
Nxe5 15. dxe5 Ne4 16. Qe3 Rxd1+ 17. Kxd1 Rd8+ 18. Kc1 b6 19. Rd1 Rxd1+ 20. Kxd1
Qd8+ 21. Kc1 Nxc3 22. bxc3 Qe7 23. Kb2 Kb7 24. Bc4 f6 25. Bd3 fxe5 26. Qxe5 Qf7
27. Bxf5 exf5 28. Qf4 Qd5 29. g3 Qb5+ 30. Qb4 Qe2 31. Qd4 Qe7 32. h4 1/2-1/2

[Event "DEM U14w 2004"]
[Site "Willingen GER"]
[Date "2004.06.02"]
[Round "6"]
[White "Bäßler, Maike"]
[Black "Kuhn, Alena"]
[Result "0-1"]
[Termination "normal"]
[Board "13"]
[WhiteElo "884"]
[BlackElo "1401"]
[PlyCount "50"]
[EventCountry "GER"]
[EventRounds "9"]
[EventType "swiss"]
[EventDate "2004.05.29"]

1. e4 e6 2. d4 d5 3. exd5 exd5 4. Nf3 Bd6 5. Bd3 Nc6 6. c3 Bg4 7. O-O Qd7 8.
Re1+ Nge7 9. Bg5 f6 10. Bh4 O-O-O 11. Nbd2 Ng6 12. Bg3 Nf4 13. Qc2 h5 14. h3
Nxd3 15. Qxd3 Bf5 16. Qf1 g5 17. Bh2 Bxh2+ 18. Nxh2 Qh7 19. Re3 Rdg8 20. g3 Bd7
21. Rae1 f5 22. f4 h4 23. g4 Qg6 24. gxf5 Bxf5 25. R1e2 gxf4+ 0-1

[Event "DEM U14w 2004"]
[Site "Willingen GER"]
[Date "2004.06.02"]
[Round "6"]
[White "Wolf, Carolin"]
[Black "Ludwig, Lisa"]
[Result "1/2-1/2"]
[Termination "normal"]
[Board "14"]
[WhiteElo "1530"]
[BlackElo "1224"]
[PlyCount "36"]
[WhiteFideId "24628034"]
[BlackFideId "24671444"]
[EventCountry "GER"]
[EventRounds "9"]
[EventType "swiss"]
[EventDate "2004.05.29"]

1. e4 e6 2. d4 b6 3. Nc3 Bb7 4. f3 d5 5. e5 c5 6. Nge2 Nc6 7. Be3 f6 8. exf6
Nxf6 9. dxc5 bxc5 10. Bg5 Be7 11. Nf4 Qd6 12. Qe2 Nd4 13. Nb5 Nxe2 14. Nxd6+
Bxd6 15. Bxe2 Kf7 16. Kf2 Nd7 17. Nh3 c4 18. Rad1 Rhc8 1/2-1/2

[Event "DEM U14w 2004"]
[Site "Willingen GER"]
[Date "2004.06.04"]
[Round "8"]
[White "Goergen, Barbara"]
[Black "Jussupow, Ekaterina"]
[Result "1-0"]
[Termination "normal"]
[Board "1"]
[WhiteElo "1666"]
[BlackElo "1722"]
[PlyCount "39"]
[BlackFideId "24625400"]
[EventCountry "GER"]
[EventRounds "9"]
[EventType "swiss"]
[EventDate "2004.05.29"]

1. e4 e5 2. Nc3 Nc6 3. Bc4 Bc5 4. Qg4 g6 5. Qg3 Nf6 6. d3 d6 7. Bg5 Nh5 8.
Bxf7+ Kf8 9. Qh4 Qd7 10. Bb3 h6 11. Be3 Qe8 12. g4 Nd4 13. gxh5 g5 14. Bxg5
hxg5 15. Qxg5 Be6 16. Qf6+ Kg8 17. Nh3 Nxc2+ 18. Bxc2 Bxh3 19. Rg1+ Kh7 20.
Qg7# 1-0

[Event "DEM U14w 2004"]
[Site "Willingen GER"]
[Date "2004.06.04"]
[Round "8"]
[White "Fuchs, Judith"]
[Black "Zikeli, Saskia"]
[Result "1/2-1/2"]
[Termination "normal"]
[Board "2"]
[WhiteElo "1967"]
[BlackElo "1884"]
[PlyCount "63"]
[WhiteFideId "24605611"]
[BlackFideId "24601543"]
[EventCountry "GER"]
[EventRounds "9"]
[EventType "swiss"]
[EventDate "2004.05.29"]

1. e4 d6 2. d4 Nf6 3. Nc3 g6 4. f3 Nbd7 5. Be3 c6 6. Qd2 b5 7. Nh3 Nb6 8. Nf2
b4 9. Ncd1 a5 10. c3 bxc3 11. Nxc3 Be6 12. d5 cxd5 13. Bb5+ Bd7 14. Bxb6 Qxb6
15. Bxd7+ Kxd7 16. e5 Ne8 17. Nxd5 Qb5 18. exd6 e5 19. a4 Qa6 20. Nd3 Qxd6 21.
Rd1 Ke6 22. Qe2 f6 23. N3f4+ Kf7 24. Qc4 Kg7 25. Nc3 Qb4 26. Ne6+ Kg8 27. Qa2
Rc8 28. Nxf8+ Kxf8 29. Rd7 Qc4 30. Qa3+ Qb4 31. Qa2 Qc4 32. Qa3+ 1/2-1/2

[Event "DEM U14w 2004"]
[Site "Willingen GER"]
[Date "2004.06.04"]
[Round "8"]
[White "Jehle, Anja"]
[Black "Mader, Manuela"]
[Result "1/2-1/2"]
[Termination "normal"]
[Board "3"]
[WhiteElo "1582"]
[BlackElo "1829"]
[PlyCount "72"]
[WhiteFideId "24631434"]
[BlackFideId "24612928"]
[EventCountry "GER"]
[EventRounds "9"]
[EventType "swiss"]
[EventDate "2004.05.29"]

1. d4 Nf6 2. c4 e5 3. dxe5 Ng4 4. Bf4 Nc6 5. Nf3 Bb4+ 6. Nbd2 Qe7 7. e3 Ngxe5
8. Be2 O-O 9. O-O Bxd2 10. Qxd2 d6 11. Nxe5 Nxe5 12. h3 Kh8 13. Rac1 f5 14.
Rfd1 Be6 15. c5 Rfd8 16. Qc3 Bxa2 17. cxd6 cxd6 18. Qa5 Bb3 19. Rc7 Rd7 20.
Rxd7 Qxd7 21. Rd2 Qe6 22. Bxe5 dxe5 23. Rd8+ Rxd8 24. Qxd8+ Qg8 25. Qc7 Bd5 26.
Qxe5 Be6 27. Bd3 Qc8 28. Kh2 Kg8 29. e4 fxe4 30. Bxe4 b6 31. f4 g6 32. g4 Qd7
33. Kg3 Bb3 34. Qb8+ Kf7 35. Qe5 Kg8 36. Qb8+ Kf7 1/2-1/2

[Event "DEM U14w 2004"]
[Site "Willingen GER"]
[Date "2004.06.04"]
[Round "8"]
[White "Erben, Larissa"]
[Black "Weber, Kristina"]
[Result "1-0"]
[Termination "normal"]
[Board "4"]
[WhiteElo "1651"]
[BlackElo "1482"]
[PlyCount "94"]
[WhiteFideId "24634590"]
[EventCountry "GER"]
[EventRounds "9"]
[EventType "swiss"]
[EventDate "2004.05.29"]

1. e4 e6 2. d4 d5 3. exd5 exd5 4. Nf3 Nf6 5. Bd3 Bg4 6. O-O Nbd7 7. Re1+ Be7 8.
h3 Bh5 9. Bg5 O-O 10. g4 Bg6 11. Bxg6 fxg6 12. Ne5 Nxe5 13. dxe5 Ne8 14. Bxe7
Qxe7 15. Qxd5+ Qf7 16. Qxf7+ Rxf7 17. Nc3 Rd8 18. Rad1 Rxd1 19. Rxd1 g5 20. Re1
c6 21. Ne4 h6 22. c4 Re7 23. Nd2 Nf6 24. Nf3 Nd7 25. Re3 Kh7 26. Kf1 Kg6 27.
Ke2 Kf7 28. b4 Ke8 29. Kd3 Kd8 30. Kd4 Kc7 31. h4 Nf8 32. hxg5 Ne6+ 33. Ke4
hxg5 34. Kf5 Kd8 35. Nxg5 g6+ 36. Kf6 Nf8 37. e6 Ke8 38. f4 Kd8 39. f5 gxf5 40.
gxf5 Nd7+ 41. Kg6 Re8 42. Rd3 Rg8+ 43. Kh5 Ke7 44. Rxd7+ Kf6 45. Rf7+ Ke5 46.
e7 Kf4 47. Ne6+ Ke5 1-0

[Event "DEM U14w 2004"]
[Site "Willingen GER"]
[Date "2004.06.04"]
[Round "8"]
[White "Hoffmann, Lena"]
[Black "Zier, Verena"]
[Result "1-0"]
[Termination "normal"]
[Board "5"]
[WhiteElo "1589"]
[BlackElo "1605"]
[PlyCount "81"]
[WhiteFideId "24626597"]
[BlackFideId "24620602"]
[EventCountry "GER"]
[EventRounds "9"]
[EventType "swiss"]
[EventDate "2004.05.29"]

1. Nc3 d5 2. e4 e6 3. d4 Nf6 4. Bg5 dxe4 5. Nxe4 Be7 6. Bxf6 Bxf6 7. Nf3 Nd7 8.
Be2 O-O 9. O-O e5 10. d5 Qe7 11. c4 b6 12. Qc2 Nc5 13. Nfd2 Bf5 14. Bd3 Nxd3
15. Qxd3 g6 16. Nxf6+ Qxf6 17. Ne4 Qe7 18. Rae1 Rfe8 19. Qf3 Kg7 20. Ng3 Bd7
21. Qe3 Qd6 22. Qg5 Rh8 23. Qxe5+ Qxe5 24. Rxe5 Rhe8 25. Rfe1 Rxe5 26. Rxe5 Re8
27. f4 f6 28. Rxe8 Bxe8 29. Kf2 Kf7 30. f5 Bd7 31. fxg6+ hxg6 32. Ke3 Ke7 33.
b4 a5 34. a3 axb4 35. axb4 c6 36. Kd4 cxd5 37. Kxd5 Be6+ 38. Kd4 Bd7 39. Ne2
Bc6 40. Nf4 g5 41. Nd5+ 1-0

[Event "DEM U14w 2004"]
[Site "Willingen GER"]
[Date "2004.06.04"]
[Round "8"]
[White "Hannes, Diana"]
[Black "Vollak, Marleen"]
[Result "1-0"]
[Termination "normal"]
[Board "6"]
[WhiteElo "1692"]
[BlackElo "1569"]
[PlyCount "89"]
[WhiteFideId "24611344"]
[BlackFideId "24624233"]
[EventCountry "GER"]
[EventRounds "9"]
[EventType "swiss"]
[EventDate "2004.05.29"]

1. e4 c5 2. Nf3 e6 3. d4 cxd4 4. Nxd4 a6 5. Nc3 Qc7 6. Bd3 Nf6 7. f4 Bc5 8. Nb3
Bb4 9. Qd2 d5 10. e5 Nfd7 11. O-O Bxc3 12. Qxc3 Qxc3 13. bxc3 O-O 14. c4 dxc4
15. Bxc4 Nc6 16. Ba3 b5 17. Bd3 Rd8 18. Nc5 b4 19. Nxd7 Rxd7 20. Be4 Rb8 21.
Bxc6 Rc7 22. Ba4 bxa3 23. Rfd1 h6 24. g3 Rb4 25. Bb3 a5 26. Rd3 a4 27. c3 Rb5
28. Bxa4 Rbc5 29. Rc1 Ba6 30. Rf3 Bb7 31. Re3 Bd5 32. Bb3 Bb7 33. Kf2 Kf8 34.
Ke1 Ke7 35. Rd3 Be4 36. Rd4 Bc6 37. Kd2 Bb5 38. c4 Ba6 39. Rc2 Ke8 40. Kc3 Rb7
41. Rcd2 Rc8 42. Ba4+ Kf8 43. Rd8+ Rxd8 44. Rxd8+ Ke7 45. Re8# 1-0

[Event "DEM U14w 2004"]
[Site "Willingen GER"]
[Date "2004.06.04"]
[Round "8"]
[White "Nekrassova, Ekatherina"]
[Black "Remy, Janina"]
[Result "1/2-1/2"]
[Termination "normal"]
[Board "7"]
[WhiteElo "1528"]
[BlackElo "1504"]
[PlyCount "72"]
[BlackFideId "24627348"]
[EventCountry "GER"]
[EventRounds "9"]
[EventType "swiss"]
[EventDate "2004.05.29"]

1. d4 d5 2. e3 Nf6 3. Bd3 Nbd7 4. f4 g6 5. Nf3 Bg7 6. c4 dxc4 7. Bxc4 O-O 8.
Nc3 a6 9. a4 c5 10. O-O Nb6 11. Bd3 cxd4 12. Nxd4 Nfd5 13. Nce2 Bg4 14. Nf3
Bxf3 15. Rxf3 Nb4 16. e4 Qc7 17. Qb3 Nxd3 18. Rxd3 Rfd8 19. Rxd8+ Rxd8 20. Be3
Nd7 21. Rc1 Qb8 22. Nc3 Rc8 23. Nd5 Rxc1+ 24. Bxc1 e6 25. Nc3 Qa7+ 26. Kf1 Nc5
27. Qc4 Bxc3 28. bxc3 Qb6 29. Ba3 Qb1+ 30. Kf2 Nxe4+ 31. Ke3 Qe1+ 32. Kd4 Kg7
33. Qc8 Nd6 34. Bxd6 Qd2+ 35. Ke4 Qe2+ 36. Kd4 Qd2+ 1/2-1/2

[Event "DEM U14w 2004"]
[Site "Willingen GER"]
[Date "2004.06.04"]
[Round "8"]
[White "Dittrich, Jacqueline"]
[Black "Billing, Tanja"]
[Result "1-0"]
[Termination "normal"]
[Board "8"]
[WhiteElo "1518"]
[BlackElo "1449"]
[PlyCount "85"]
[WhiteFideId "24666270"]
[BlackFideId "24647993"]
[EventCountry "GER"]
[EventRounds "9"]
[EventType "swiss"]
[EventDate "2004.05.29"]

1. e4 c5 2. c4 Nc6 3. Nc3 e6 4. g3 g6 5. Bg2 Bg7 6. Nge2 Nge7 7. d3 O-O 8. O-O
a6 9. f4 d6 10. Be3 Nd4 11. Qd2 Nec6 12. Rab1 Bd7 13. h3 Qe7 14. g4 Rfe8 15.
Bf2 f5 16. g5 b5 17. exf5 Nxe2+ 18. Qxe2 exf5 19. Qxe7 Rxe7 20. Nd5 Rae8 21.
Nxe7+ Rxe7 22. Bxc6 Bxc6 23. Rfe1 Rxe1+ 24. Bxe1 b4 25. b3 Bd4+ 26. Bf2 Bc3 27.
Kf1 Kf7 28. Ke2 Ke6 29. h4 Bb7 30. Be3 Bc6 31. Kf2 Bb7 32. Rd1 Bd4 33. Bxd4
cxd4 34. Re1+ Kd7 35. a3 a5 36. axb4 axb4 37. Ke2 Kc7 38. Kd2 Kd7 39. Kc2 Kd8
40. Ra1 Kc7 41. Ra4 d5 42. Rxb4 dxc4 43. Rxc4+ 1-0

[Event "DEM U14w 2004"]
[Site "Willingen GER"]
[Date "2004.06.04"]
[Round "8"]
[White "Hofmann, Christine"]
[Black "Stellwagen, Katja"]
[Result "1-0"]
[Termination "normal"]
[Board "9"]
[WhiteElo "1607"]
[BlackElo "1433"]
[PlyCount "107"]
[EventCountry "GER"]
[EventRounds "9"]
[EventType "swiss"]
[EventDate "2004.05.29"]

1. d4 Nf6 2. c4 g6 3. Nc3 Bg7 4. e4 d6 5. Nf3 O-O 6. Be2 e5 7. d5 Nbd7 8. Bg5
h6 9. Bh4 g5 10. Bg3 Ne8 11. Qc2 Nc5 12. h4 g4 13. Nd2 h5 14. O-O-O Bh6 15. f3
f5 16. fxg4 hxg4 17. Rhf1 f4 18. Bf2 Na6 19. Be1 Ng7 20. Kb1 Nh5 21. Nb3 b6 22.
Qc1 Kh7 23. Bd2 Ng3 24. Rg1 Nxe2 25. Nxe2 g3 26. Nxg3 Qxh4 27. Ne2 Qf6 28. Rdf1
Bg4 29. Nc3 Kg7 30. Qe1 Nb4 31. Rh1 Bg5 32. Nc1 Rh8 33. a3 Na6 34. Rxh8 Rxh8
35. Rh1 Rxh1 36. Qxh1 f3 37. Bxg5 Qxg5 38. gxf3 Qh5 39. Qg2 Kh6 40. Qxg4 Qxg4
41. fxg4 Kg5 42. b4 Kxg4 43. Kc2 Nb8 44. Nb5 Kf4 45. Kd3 Nd7 46. Nxc7 Nf6 47.
Ne2+ Kf3 48. Nc3 Ng4 49. N7b5 Nf2+ 50. Kd2 Nxe4+ 51. Nxe4 Kxe4 52. Nxd6+ Kd4
53. Nf5+ Kxc4 54. d6 1-0

[Event "DEM U14w 2004"]
[Site "Willingen GER"]
[Date "2004.06.04"]
[Round "8"]
[White "van Orsouw, Svenja"]
[Black "Karmann, Anna"]
[Result "1-0"]
[Termination "normal"]
[Board "10"]
[WhiteElo "1484"]
[BlackElo "1457"]
[PlyCount "51"]
[WhiteFideId "24677124"]
[BlackFideId "24648000"]
[EventCountry "GER"]
[EventRounds "9"]
[EventType "swiss"]
[EventDate "2004.05.29"]

1. e4 e5 2. Nc3 Nf6 3. f4 d5 4. fxe5 Nxe4 5. Nf3 Nc6 6. Bb5 Nxc3 7. bxc3 Bd7 8.
d4 Be7 9. O-O O-O 10. Qe2 Be6 11. Qf2 Rb8 12. h4 a6 13. Bd3 h6 14. Qg3 Kh8 15.
Qh2 Na7 16. g3 Nb5 17. Bd2 Na3 18. Qe2 c5 19. dxc5 Bxc5+ 20. Nd4 Rc8 21. Qh5 f5
22. Bxh6 Bf7 23. Qxf5 Bg8 24. Bxg7+ Kxg7 25. Qg6+ Kh8 26. Qh6+ 1-0

[Event "DEM U14w 2004"]
[Site "Willingen GER"]
[Date "2004.06.04"]
[Round "8"]
[White "Benzen, Marthe"]
[Black "Kuhn, Alena"]
[Result "1-0"]
[Termination "normal"]
[Board "11"]
[WhiteElo "1477"]
[BlackElo "1401"]
[PlyCount "59"]
[WhiteFideId "24647764"]
[EventCountry "GER"]
[EventRounds "9"]
[EventType "swiss"]
[EventDate "2004.05.29"]

1. e4 e6 2. d4 d5 3. e5 c5 4. c3 Nc6 5. Nf3 Qb6 6. a3 a5 7. a4 Bd7 8. Bb5 cxd4
9. cxd4 Bb4+ 10. Nc3 Nge7 11. Be3 Nf5 12. O-O O-O 13. Ne2 Rac8 14. Ng3 Nxe3 15.
fxe3 Qd8 16. h4 Ne7 17. Bxd7 Qxd7 18. Ng5 h6 19. Nh3 Rc4 20. Qg4 Rfc8 21. Nh5
Ng6 22. N3f4 Qe8 23. Nxg6 fxg6 24. Nf4 Bd2 25. Qxg6 Bxe3+ 26. Kh1 Qxg6 27. Nxg6
R8c7 28. h5 Bxd4 29. Rf8+ Kh7 30. Rh8# 1-0

[Event "DEM U14w 2004"]
[Site "Willingen GER"]
[Date "2004.06.04"]
[Round "8"]
[White "Wolf, Carolin"]
[Black "Gahn, Cornelia"]
[Result "1-0"]
[Termination "normal"]
[Board "12"]
[WhiteElo "1530"]
[BlackElo "1457"]
[PlyCount "161"]
[WhiteFideId "24628034"]
[EventCountry "GER"]
[EventRounds "9"]
[EventType "swiss"]
[EventDate "2004.05.29"]

1. e4 d5 2. exd5 Qxd5 3. Nc3 Qa5 4. d4 c6 5. Nf3 Nf6 6. Bd2 Bf5 7. Bc4 e6 8.
Qe2 Bb4 9. a3 Nbd7 10. O-O-O Bxc3 11. Bxc3 Qc7 12. Kb1 O-O-O 13. Qe1 Qf4 14.
Ba5 Rde8 15. Bd2 Qe4 16. Qxe4 Nxe4 17. Be3 Nb6 18. Be2 Nd5 19. Rdf1 Bg4 20. Kc1
f6 21. Bd3 Bxf3 22. gxf3 Nd6 23. c4 Nc7 24. c5 Nf7 25. Rhg1 g6 26. Rg3 Nd5 27.
Rfg1 e5 28. h4 exd4 29. Bxd4 Ne5 30. Be4 Nf4 31. Kd2 Rd8 32. Ke3 Nc4+ 33. Kxf4
Rxd4 34. b3 Nxa3 35. Ke3 Rb4 36. h5 Rxb3+ 37. Ke2 g5 38. Bf5+ Kc7 39. Rd1 Re8+
40. Kf1 Re7 41. Kg2 Rc3 42. Rd6 Rf7 43. Be6 Rg7 44. h6 Re7 45. Bf5 Rf7 46. Be6
Re7 47. Bf5 Rxc5 48. Rxf6 Rce5 49. Rxg5 b5 50. Rg7 b4 51. Bxh7 Rxg7+ 52. hxg7
Rg5+ 53. Kf1 Rxg7 54. Be4 c5 55. Rc6+ Kb8 56. Rxc5 Rc7 57. Rd5 b3 58. Rd8+ Rc8
59. Rd3 Rc1+ 60. Kg2 Rb1 61. Rc3 Nb5 62. Rc5 Rb2 63. Rxb5+ Kc7 64. Bd5 Kd6 65.
Bxb3 Kc6 66. Rb8 Kc7 67. Rb4 a5 68. Rc4+ Kb6 69. Ba4 Ka6 70. f4 Rb4 71. Rxb4
axb4 72. Bb3 Kb6 73. Kf3 Kc5 74. Ke3 Kd6 75. Kd4 Ke7 76. Ke5 Kd7 77. Kf6 Kd6
78. f5 Kc5 79. Ke5 Kc6 80. Ke6 Kc7 81. Ke7 1-0

[Event "DEM U14w 2004"]
[Site "Willingen GER"]
[Date "2004.06.04"]
[Round "8"]
[White "Bäßler, Maike"]
[Black "Mai, Felicitas"]
[Result "0-1"]
[Termination "normal"]
[Board "13"]
[WhiteElo "884"]
[BlackElo "1209"]
[PlyCount "54"]
[BlackFideId "4635345"]
[EventCountry "GER"]
[EventRounds "9"]
[EventType "swiss"]
[EventDate "2004.05.29"]

1. e4 e6 2. d4 d5 3. exd5 exd5 4. Bd3 Nc6 5. c3 Bd6 6. Nf3 Bg4 7. O-O Qd7 8.
Re1+ Nge7 9. h3 Bh5 10. Bg5 f6 11. Bh4 O-O-O 12. Nbd2 g5 13. Bg3 Bxg3 14. fxg3
Bf7 15. g4 h5 16. gxh5 g4 17. hxg4 Qxg4 18. Nh2 Qg3 19. Qf3 Qd6 20. Qh3+ Kb8
21. Be2 Rdg8 22. Rf1 Rg5 23. Ng4 Rgxh5 24. Qf3 f5 25. Ne5 Nxe5 26. dxe5 Qc5+
27. Qf2 Rh1# 0-1

[Event "DEM U14w 2004"]
[Site "Willingen GER"]
[Date "2004.06.04"]
[Round "8"]
[White "Weiß, Katharina"]
[Black "Ludwig, Lisa"]
[Result "1-0"]
[Termination "normal"]
[Board "14"]
[WhiteElo "1567"]
[BlackElo "1224"]
[PlyCount "71"]
[WhiteFideId "24692859"]
[BlackFideId "24671444"]
[EventCountry "GER"]
[EventRounds "9"]
[EventType "swiss"]
[EventDate "2004.05.29"]

1. e4 e6 2. d4 b6 3. Nc3 Bb7 4. Bd3 Nf6 5. Nge2 d5 6. e5 Ng8 7. O-O c5 8. Bb5+
Nc6 9. Qd3 Nge7 10. Nd1 a6 11. Bxc6+ Nxc6 12. c3 Be7 13. Qg3 Bf8 14. f4 g6 15.
Nf2 Bg7 16. Qh3 O-O 17. Kh1 Ne7 18. Ng1 Nf5 19. Nf3 a5 20. g4 Ne7 21. Ng5 h6
22. Nf3 Ba6 23. Re1 Rc8 24. f5 exf5 25. Bxh6 fxg4 26. Nxg4 Bxh6 27. Qxh6 f6 28.
exf6 Rf7 29. fxe7 Rxe7 30. Nf6+ Kf7 31. Ne5+ Rxe5 32. dxe5 Ke7 33. Qg7+ Ke6 34.
Qxg6 Ke7 35. e6 Qf8 36. Nxd5+ 1-0

[Event "DEM U14w 2004"]
[Site "Willingen GER"]
[Date "2004.06.05"]
[Round "9"]
[White "Jussupow, Ekaterina"]
[Black "Erben, Larissa"]
[Result "1-0"]
[Termination "normal"]
[Board "1"]
[WhiteElo "1722"]
[BlackElo "1651"]
[PlyCount "105"]
[WhiteFideId "24625400"]
[BlackFideId "24634590"]
[EventCountry "GER"]
[EventRounds "9"]
[EventType "swiss"]
[EventDate "2004.05.29"]

1. e4 c5 2. Nc3 Nc6 3. g3 d6 4. Bg2 e6 5. d3 a6 6. f4 b5 7. a3 b4 8. axb4 cxb4
9. Nce2 Qb6 10. d4 Nf6 11. Qd3 a5 12. c4 bxc3 13. bxc3 Ba6 14. Rb1 Qc7 15. Qc2
Be7 16. Nf3 O-O 17. Ba3 d5 18. Bxe7 Nxe7 19. e5 Ne4 20. Ng5 Nxg5 21. fxg5 Bxe2
22. Kxe2 Nf5 23. Qd3 Rfc8 24. Rhc1 Qc4 25. Kd2 Qa2+ 26. Qc2 Qxc2+ 27. Rxc2 a4
28. Ra2 Ra5 29. Ra3 g6 30. Rb4 Rca8 31. Bf1 Ne7 32. Bb5 Rb8 33. Bd7 Rxb4 34.
cxb4 Ra7 35. Bxa4 Nc6 36. Kc3 Kf8 37. b5 Nd8 38. Kb4 Nb7 39. Rc3 Nd8 40. b6 Ra8
41. Rc7 Rb8 42. Ka5 Nb7+ 43. Kb5 Nd8 44. Ka6 Ra8+ 45. Kb5 Rb8 46. Rd7 Kg7 47.
Kc5 Nb7+ 48. Kc6 Na5+ 49. Kb5 Nb7 50. Ka6 Ra8+ 51. Kxb7 Rxa4 52. Kc8 Rc4+ 53.
Rc7 1-0

[Event "DEM U14w 2004"]
[Site "Willingen GER"]
[Date "2004.06.05"]
[Round "9"]
[White "Jehle, Anja"]
[Black "Fuchs, Judith"]
[Result "1/2-1/2"]
[Termination "normal"]
[Board "2"]
[WhiteElo "1582"]
[BlackElo "1967"]
[PlyCount "54"]
[WhiteFideId "24631434"]
[BlackFideId "24605611"]
[EventCountry "GER"]
[EventRounds "9"]
[EventType "swiss"]
[EventDate "2004.05.29"]

1. d4 d5 2. c4 e6 3. Nc3 Nf6 4. cxd5 exd5 5. Bg5 Be7 6. e3 h6 7. Bh4 O-O 8. Bd3
Be6 9. Nge2 Nbd7 10. O-O Ne8 11. Bxe7 Qxe7 12. Qb3 Nb6 13. Nf4 c6 14. Qc2 Nd6
15. Nce2 Bg4 16. Ng3 g5 17. Nfe2 Bxe2 18. Qxe2 f5 19. Qh5 Kg7 20. h4 Ne4 21.
Bxe4 fxe4 22. Qg4 Qd7 23. Nh5+ Kg6 24. Nf4+ Kh7 25. Qxd7+ Nxd7 26. hxg5 hxg5
27. Ne2 Rae8 1/2-1/2

[Event "DEM U14w 2004"]
[Site "Willingen GER"]
[Date "2004.06.05"]
[Round "9"]
[White "Zikeli, Saskia"]
[Black "Hannes, Diana"]
[Result "1-0"]
[Termination "normal"]
[Board "3"]
[WhiteElo "1884"]
[BlackElo "1692"]
[PlyCount "35"]
[WhiteFideId "24601543"]
[BlackFideId "24611344"]
[EventCountry "GER"]
[EventRounds "9"]
[EventType "swiss"]
[EventDate "2004.05.29"]

1. e4 c5 2. Nf3 Nc6 3. d4 cxd4 4. Nxd4 Nf6 5. Nc3 e5 6. Ndb5 d6 7. Bg5 a6 8.
Bxf6 gxf6 9. Na3 b5 10. Nd5 f5 11. Bd3 Be6 12. c3 Bg7 13. Nc2 O-O 14. Nce3 f4
15. Nf5 Bxf5 16. exf5 Qg5 17. Be4 Rad8 18. h4 1-0